书目信息 |
| 题名: |
硬笔草字书写技法
|
|
| 作者: | 丁永康 编写 | |
| 分册: | ||
| 出版信息: | 北京 金盾出版社 1998.03 |
|
| 页数: | 108页 | |
| 开本: | 16开 | |
| 丛书名: | ||
| 单 册: | ||
| 中图分类: | J292.12 | |
| 科图分类: | ||
| 主题词: | 书法--中国 , 篆刻--中国 | |
| 电子资源: | ||
| ISBN: | 7-5082-0345-3 | |
| 000 | 00583nam0 2200205 45 | |
| 001 | 0008171195 | |
| 005 | 20000817110433.4 | |
| 010 | @a7-5082-0345-3@d8.00元 | |
| 100 | @a20000817d1998 km y0chiy0120 ea | |
| 101 | 0 | @achi |
| 105 | @a z 000yy | |
| 200 | 1 | @a硬笔草字书写技法@AYing Bi Cao Zi Shu Xie Ji Fa@f丁永康编写@FDing Yong Kang Bian Xie |
| 210 | @a北京@c金盾出版社@d1998.03 | |
| 215 | @a108页@d16开 | |
| 606 | 0 | @a书法@x中国 |
| 606 | 0 | @a篆刻@x中国 |
| 690 | @aJ292.12@v3 | |
| 701 | 0 | @a丁永康@4编写 |
| 801 | @aCN@bPftUser@c20000817 | |
| 905 | @b108936-945@dJ292.12@eD381@f10 | |
| 硬笔草字书写技法/丁永康编写.-北京:金盾出版社,1998.03 |
| 108页;16开 |
| ISBN 7-5082-0345-3:8.00元 |
| ● |
| 相关链接 |
|
|
|
正题名:硬笔草字书写技法
索取号:J292.12/D381
 
预约/预借
| 序号 | 登录号 | 条形码 | 馆藏地/架位号 | 状态 | 备注 |
| 1 | 108936 | 201089366 | 自科二线404/404自科库 14排1列4层/ [索取号:J292.12/D381] | 在馆 | |
| 2 | 108937 | 201089375 | 社科库309/309社科库 79排4列1层/ [索取号:J292.12/D381] | 在馆 | |
| 3 | 108938 | 201089384 | 社科库309/309社科库 79排4列1层/ [索取号:J292.12/D381] | 在馆 | |
| 4 | 108939 | 201089393 | 自科二线404/309社科库 79排4列1层/ [索取号:J292.12/D381] | 在馆 | |
| 5 | 108940 | 201089400 | 社科库309/ [索取号:J292.12/D381] | 在馆 | |
| 6 | 108941 | 201089419 | 社科库309/309社科库 79排4列1层/ [索取号:J292.12/D381] | 在馆 | |
| 7 | 108942 | 201089428 | 社科库309/ [索取号:J292.12/D381] | 在馆 | |
| 8 | 108943 | 201089437 | 自科二线404/309社科库 79排4列1层/ [索取号:J292.12/D381] | 在馆 | |
| 9 | 108944 | 201089446 | 自科二线404/309社科库 79排4列1层/ [索取号:J292.12/D381] | 在馆 | |
| 10 | 108945 | 201089455 | 自科二线404/309社科库 79排4列1层/ [索取号:J292.12/D381] | 在馆 |